000 00644nam a2200277Ia 4500
005 20260324143025.0
008 008 260324s9999 xx 000 0 eng d
020 _a9780203415924
037 _aEBOOK
040 _aCRL
040 _beng
040 _cCRL
041 _2eng
041 _aeng
084 _qCRL
100 _aJ. William Harris
_91214109
245 0 _aSociety and Culture in the Slave South
260 _bTaylor and Francis
260 _c1993
365 _a
365 _b230
856 _uhttp://www.taylorfrancis.com/books/9780203415924
942 _cEBOOK
999 _c1819002
_d1819002